Т. 2, № 2; Микроэлектроника

Bibliografske podrobnosti
Parent link:Микроэлектроника: научный журнал/ Академия наук СССР (АН СССР). Т. 2, № 2.— , 1973-2011.— 0544-1269
Jezik:ruščina
Izdano: 1973
Format: MixedMaterials Knjiga
KOHA link:https://koha.lib.tpu.ru/cgi-bin/koha/opac-detail.pl?biblionumber=506394

MARC

LEADER 00000nam2a2200000 4500
001 506394
005 20231101103216.0
035 |a (RuTPU)RU\TPU\prd\177305 
035 |a RU\TPU\prd\177304 
090 |a 506394 
100 |a 20130515a19739999k y0rusy50 ca 
101 0 |a rus 
102 |a RU 
200 0 |a Т. 2, № 2 
210 |d 1973 
461 1 |0 (RuTPU)RU\TPU\prd\1711  |x 0544-1269  |t Микроэлектроника  |o научный журнал  |f Академия наук СССР (АН СССР)  |v Т. 2, № 2  |d 1973-2011 
801 0 |a RU  |b 63413507  |c 20010227  |g PSBO 
801 1 |a RU  |b 63413507  |c 20110310 
801 2 |a RU  |b 63413507  |c 20130515  |g RCR 
942 |c BK 
999 |a НТБ_ТПУ  |b НФ  |e -4/20130109  |p П-6575  |u 0,00  |v 1